| 000 | 00907cam a2200253 4500 | ||
|---|---|---|---|
| 001 | WB3717-23 | ||
| 008 | 000000n2001 000 0 eng u | ||
| 035 | _a(Sirsi) u112374 | ||
| 245 | _aEuropean Commission approves PIP replacements | ||
| 260 | _c2001 | ||
| 490 |
_aDETR News Release _v(246) 30 April 2001 (3) |
||
| 520 | _aThe European Commission has approved the direct development, gap funding, community regeneration and environmental regeneration schemes designed to partially replace the Partnership Investment Programme and to regenerate brownfield land. | ||
| 590 | _aWB | ||
| 650 | _aBROWNFIELD LAND | ||
| 650 | _aBROWNFIELD SITES | ||
| 650 | _aDEVELOPMENT FUNDING | ||
| 650 | _aDEVELOPMENT GRANTS | ||
| 650 | _aEUROPEAN COMMISSION | ||
| 650 | _aGAP FUNDING | ||
| 650 | _aGOVERNMENT GRANTS | ||
| 650 | _aPARTNERSHIP INVESTMENT PROGRAMME | ||
| 690 | _aREGENERATION | ||
| 942 | _n0 | ||
| 999 |
_c66878 _d66878 |
||